Locos de desatar / (Record no. 93005)

MARC details
000 -LEADER
campo de control de longitud fija 00701nam a2200217 i 4500
001 - NÚMERO DE CONTROL
campo de control 93005
003 - IDENTIFICADOR DE NÚMERO DE CONTROL
campo de control ES-MaACL
005 - FECHA Y HORA DE LA ÚLTIMA TRANSACCIÓN
campo de control 20230906181115.0
007 - CAMPO FIJO DE DESCRIPCIÓN FÍSICA--INFORMACIÓN GENERAL
campo de control de longitud fija t|
008 - DATOS DE LONGITUD FIJA--INFORMACIÓN GENERAL
campo de control de longitud fija 050406s1978 sp ||||1| spa d
245 00 - MENCIÓN DEL TÍTULO
Título Locos de desatar /
Mención de responsabilidad, etc. Silvano Agosti, Marco Bellocchio, Sandro Petraglia; traducción: Nina Alejandrino y otro; supervisión: Carmen Sáez.
260 ## - PUBLICACIÓN, DISTRIBUCIÓN, ETC.
Lugar de publicación, distribución, etc. Barcelona :
Nombre del editor, distribuidor, etc. Anagrama,
Fecha de publicación, distribución, etc. 1978.
300 ## - DESCRIPCIÓN FÍSICA
Extensión 201 p. ;
Dimensiones 20 cm.
490 1# - MENCIÓN DE SERIE
Mención de serie Cinemateca Anagrama
700 1# - ENTRADA AGREGADA--NOMBRE PERSONAL
Nombre de persona Agosti, Silvano.
9 (RLIN) 18573
700 1# - ENTRADA AGREGADA--NOMBRE PERSONAL
Nombre de persona Alejandrino, Nina.
9 (RLIN) 19698
700 0# - ENTRADA AGREGADA--NOMBRE PERSONAL
Nombre de persona Sáez, Carmen.
9 (RLIN) 101349
830 0# - PUNTO DE ACCESO ADICIONAL DE SERIE-TÍTULO UNIFORME
Título uniforme Cinemateca Anagrama
9 (RLIN) 184158
852 ## - LOCALIZACIÓN
Ubicación ES-MaACL
Número de control de estantería A-8503
Sublocalización o colección R.97405
Holdings
Estatus retirado Estado de pérdida Estado de daño No para préstamo Biblioteca de origen Biblioteca actual Ubicación en estantería Fecha de adquisición Fuente de adquisición Total de préstamos Signatura topográfica completa Código de barras Visto por última vez Precio de reemplazo Tipo de ítem Koha
        Biblioteca del Ateneo de Madrid Biblioteca del Ateneo de Madrid Depósito 1 17/01/2008     A-8503 1097088 23/02/2023 23/02/2023 Libro impreso